000 02500nam a2200349 i 4500
003 DO-SdBNP
005 20250603131609.0
007 ta
008 250603s2025 dr a 000 0 spa d
020 _a9789945291582
040 _aDO-SdBNP
_bspa
_cBNPHU
_erda
082 4 _axxxx
_bD542c
_222
100 1 _aDíaz, Rafael,
_d1960-
_924865
_eautor
_4aut.
245 1 0 _aCompendio terminológico bilingüe para hotelería y servicios comerciales :
_bmaster book No. 2 /
_cRafael Díaz
246 1 0 _aHipervocabulario y expresiones bilingües :
_bpara facilitar la comunicación en todas las áreas laborales /
250 _aTercera edición
264 4 _a[Higüey, República Dominicana] :
_b[C.E.F.O.],
_c©[2025].
300 _a623 páginas :
_bilustraciones ;
_c28 cm.
336 _atexto
_btxt
_2rdacontent
337 _asin mediación
_bn
_2rdamedia
338 _avolumen
_bnc
_2rdacarrier
500 _aIncluye datos biografícos del autor en la página 1.
500 _aLibro de pasta dura.
500 _aLos datos de isbn y reseña, fueron tomados de la página del ISBN de República Dominicana.
500 _aLos datos de la editora, fueron encontrados en la página de instagram (Centro De Formation CEFO Centro de Estudio- Formación y Orientación. C.E.F.O HIGUEY TEL:809-554-3457 @:[email protected])
505 _gEnglish-Español
520 _aVivimos en una época donde el dominio lexical y expresivo del idioma inglés es uno de los retos más complejo que tienen la mayoría de los trabajadores de las diferentes áreas laborales, en especial las áreas turísticas, debido a que en sus funciones deben comunicarse en dicha lengua, empleando una serie de termonologias propias de la industria en que se desenvuelven, de los cuales tienen escaso o ningún conocimiento. Esta situación resulta preocupante porque el inglés poco a poco se ha ido convirtiendo en un idioma universal para establecer relaciones comerciales, académicas, culturales y diplomáticas en las distintas partes del mundo dode usa esta lengua como medio de comunicación comercial y personal En este sentido, el aprendizaje de la lengua inglesa es casi imprescindible para todas las carreras, ya que es uno de los principales medios que facilitan, no sólo la obtención de un empleo digno, sino también la permanencia en el mismo.
590 _aInventariado, 2025/ YL
710 _aCentro de Estudio Formación y Orientación (C.E.F.O)
_987967
910 _aYLockward
942 _2ddc
_cLBS1
999 _c59131
_d59131